Tiles saying swaxerug - Sudden Death - Statistics

General Stats
  • This quiz has been taken 24 times
  • The average score is 6 of 10
Answers on the Grid
Answers color-coded by a green-red scale on the quiz's grid according to % correct below.
swaexrug
sawxegur
wasguerx
gaxsweur
gureswax
xawursge
uergsawx
geuxraws
urgawsex
sawexugr
swaxerux
saxweruk
wamaxerug
banana
swearuaxg
gureswarx
 
Answer Stats
Answer % Correct
sawxegur
76%
sawexugr
67%
swaexrug
67%
gureswax
62%
uergsawx
62%
wasguerx
57%
geuxraws
48%
urgawsex
48%
gaxsweur
43%
xawursge
43%
No matching quizzes found
Score Distribution
Percent of People with Each Score
Percentile by Number Answered
Your Score History
You have not taken this quiz